Normal view
MARC view
Entry Personal Name
001 - CONTROL NUMBER
- control field: 162079
003 - CONTROL NUMBER IDENTIFIER
- control field: OSt
005 - DATE AND TIME OF LATEST TRANSACTION
- control field: 20220923212100.0
008 - FIXED-LENGTH DATA ELEMENTS
- fixed length control field: 220923|| aca||aabn | a|a d
040 ## - CATALOGING SOURCE
- Original cataloging agency: OSt
- Transcribing agency: OSt
100 ## - HEADING--PERSONAL NAME
- Personal name: दयास्वरूप; कांकरिया, धर्मेन्द्रकुमार
670 ## - SOURCE DATA FOUND
- Source citation: Work cat.: (OSt)306293: दयास्वरूप; कांकरिया, धर्मेन्द्रकुमार, इस्पात का उत्पादन, 1960
